<?xml version="1.0" encoding="UTF-8"?>
<record
    xmlns:xsi="http://www.w3.org/2001/XMLSchema-instance"
    xsi:schemaLocation="http://www.loc.gov/MARC21/slim http://www.loc.gov/standards/marcxml/schema/MARC21slim.xsd"
    xmlns="http://www.loc.gov/MARC21/slim">

  <leader>01881nam a22003257a 4500</leader>
  <controlfield tag="001">9436</controlfield>
  <controlfield tag="003">FISKH</controlfield>
  <controlfield tag="005">20260108085931.0</controlfield>
  <controlfield tag="008">260108b        cb ||||| |||| 00| 0 eng d</controlfield>
  <datafield tag="020" ind1=" " ind2=" ">
    <subfield code="a">9789995054212</subfield>
  </datafield>
  <datafield tag="040" ind1=" " ind2=" ">
    <subfield code="a">FISKH</subfield>
    <subfield code="b">khr</subfield>
    <subfield code="c">FISKH</subfield>
    <subfield code="d">FISKH</subfield>
  </datafield>
  <datafield tag="050" ind1=" " ind2=" ">
    <subfield code="a">PZ7</subfield>
  </datafield>
  <datafield tag="082" ind1=" " ind2=" ">
    <subfield code="a">398.2</subfield>
  </datafield>
  <datafield tag="100" ind1=" " ind2=" ">
    <subfield code="a">Proeung , Pich </subfield>
  </datafield>
  <datafield tag="245" ind1=" " ind2=" ">
    <subfield code="a">&#x1798;&#x17B7;&#x178F;&#x17D2;&#x178F;&#x1781;&#x17D2;&#x1789;&#x17BB;&#x17C6;&#x1787;&#x17B6;&#x1794;&#x17CB;&#x1785;&#x17C4;&#x1791; /</subfield>
    <subfield code="c">&#x1793;&#x17B7;&#x1796;&#x1793;&#x17D2;&#x1792;&#x179A;&#x17BF;&#x1784;&#x178A;&#x17C4;&#x1799; &#x1796;&#x17C1;&#x1787;&#x17D2;&#x179A; &#x1796;&#x17D2;&#x179A;&#x17BF;&#x1784; ,&#x200B; &#x1782;&#x17BC;&#x179A;&#x179A;&#x17BC;&#x1794;&#x178A;&#x17C4;&#x1799; &#x179F;&#x17C6; &#x179F;&#x17B6;&#x179A;&#x17C9;&#x17B6;&#x178F; </subfield>
  </datafield>
  <datafield tag="260" ind1=" " ind2=" ">
    <subfield code="a">&#x1797;&#x17D2;&#x1793;&#x17C6;&#x1796;&#x17C1;&#x1789; :</subfield>
    <subfield code="b">&#x1780;&#x17D2;&#x179A;&#x17BB;&#x1798;&#x1794;&#x17C4;&#x17C7;&#x1796;&#x17BB;&#x1798;&#x17D2;&#x1796;&#x1795;&#x17D2;&#x179F;&#x17B6;&#x1799; &#x179F;&#x17CA;&#x17B8;&#x1794;&#x17C9;&#x17B6; ,&#x200B;</subfield>
    <subfield code="c">&#x17E2;&#x17E0;&#x17E1;&#x17E0;&#x200B; .</subfield>
  </datafield>
  <datafield tag="300" ind1=" " ind2=" ">
    <subfield code="a">32 pages : </subfield>
    <subfield code="b">color illustrations ;</subfield>
    <subfield code="c">19 cm . </subfield>
  </datafield>
  <datafield tag="490" ind1=" " ind2=" ">
    <subfield code="a">&#x1781;&#x17D2;&#x1789;&#x17BB;&#x17C6;&#x1785;&#x1784;&#x17CB;&#x17A2;&#x17B6;&#x1793;</subfield>
  </datafield>
  <datafield tag="505" ind1=" " ind2=" ">
    <subfield code="a">O 
</subfield>
  </datafield>
  <datafield tag="520" ind1=" " ind2=" ">
    <subfield code="a">&#x1780;&#x17B6;&#x179A;&#x179B;&#x17BD;&#x1785;&#x1798;&#x17BD;&#x1799;&#x1794;&#x17B6;&#x1793;&#x1780;&#x17BE;&#x178F;&#x17A1;&#x17BE;&#x1784;&#x1793;&#x17C5;&#x179F;&#x17B6;&#x179B;&#x17B6;&#x179A;&#x17C0;&#x1793;&#x17D4; &#x1793;&#x17C5;&#x1780;&#x17D2;&#x1793;&#x17BB;&#x1784;&#x1780;&#x17B6;&#x179A;&#x17B7;&#x1799;&#x17B6;&#x179B;&#x17D0;&#x1799;&#x1793;&#x17B6;&#x1799;&#x1780; &#x179F;&#x17D0;&#x179A;&#x1793; &#x178F;&#x17D2;&#x179A;&#x17BC;&#x179C;&#x1794;&#x17B6;&#x1793;&#x1785;&#x17C4;&#x1791;&#x1794;&#x17D2;&#x179A;&#x1780;&#x17B6;&#x1793;&#x17CB;&#x178A;&#x17C4;&#x1799;&#x17A2;&#x1799;&#x17BB;&#x178F;&#x17D2;&#x178F;&#x17B7;&#x1792;&#x1798;&#x17CC;&#x17D4; &#x179F;&#x17D0;&#x179A;&#x1793; &#x1793;&#x17B7;&#x1784; &#x178A;&#x17B6;&#x179A;&#x17C9;&#x17B6; &#x1794;&#x17B6;&#x1793;&#x179F;&#x17CA;&#x17BE;&#x1794;&#x17A2;&#x1784;&#x17D2;&#x1780;&#x17C1;&#x178F;&#x1780;&#x179A;&#x178E;&#x17B8;&#x1793;&#x17C1;&#x17C7; &#x17A0;&#x17BE;&#x1799;&#x178A;&#x17C4;&#x1799;&#x179F;&#x17B6;&#x179A;&#x1798;&#x17B7;&#x178F;&#x17D2;&#x178F;&#x1797;&#x17B6;&#x1796;&#x179A;&#x1794;&#x179F;&#x17CB;&#x1796;&#x17BD;&#x1780;&#x1782;&#x17C1; &#x1780;&#x17B6;&#x179A;&#x1796;&#x17B7;&#x178F;&#x1780;&#x17CF;&#x178F;&#x17D2;&#x179A;&#x17BC;&#x179C;&#x1794;&#x17B6;&#x1793;&#x1794;&#x1784;&#x17D2;&#x17A0;&#x17B6;&#x1789;&#x17A1;&#x17BE;&#x1784;&#x17D4;</subfield>
  </datafield>
  <datafield tag="520" ind1=" " ind2=" ">
    <subfield code="a">A theft took place at school. In principal's office, Sorn was injustly charged. Sorn and Dara investigated the case and because of their friendship, the truth revealed . </subfield>
  </datafield>
  <datafield tag="521" ind1="8" ind2=" ">
    <subfield code="a">610 
</subfield>
    <subfield code="b">Lexile estimate 
</subfield>
  </datafield>
  <datafield tag="521" ind1="8" ind2=" ">
    <subfield code="a">O 
</subfield>
    <subfield code="b">Raz-Plus 
</subfield>
  </datafield>
  <datafield tag="650" ind1=" " ind2=" ">
    <subfield code="a"> &#x1798;&#x17B7;&#x178F;&#x17D2;&#x178F;&#x1781;&#x17D2;&#x1789;&#x17BB;&#x17C6;&#x1787;&#x17B6;&#x1794;&#x17CB;&#x1785;&#x17C4;&#x1791; </subfield>
    <subfield code="v">&#x179A;&#x17BF;&#x1784;&#x1793;&#x17B7;&#x1791;&#x17B6;&#x1793;&#x1780;&#x17BB;&#x1798;&#x17B6;&#x179A;</subfield>
  </datafield>
  <datafield tag="650" ind1=" " ind2=" ">
    <subfield code="a">My friend was accused</subfield>
    <subfield code="v">Children's Stories</subfield>
  </datafield>
  <datafield tag="700" ind1=" " ind2=" ">
    <subfield code="a">Sarath , Sam</subfield>
    <subfield code="e">Illustrator </subfield>
  </datafield>
  <datafield tag="700" ind1=" " ind2=" ">
    <subfield code="a">Sothi , Hok </subfield>
    <subfield code="e">Editor </subfield>
  </datafield>
  <datafield tag="942" ind1=" " ind2=" ">
    <subfield code="2">ddc</subfield>
    <subfield code="c">KHB</subfield>
    <subfield code="n">0</subfield>
  </datafield>
  <datafield tag="999" ind1=" " ind2=" ">
    <subfield code="c">9436</subfield>
    <subfield code="d">9436</subfield>
  </datafield>
  <datafield tag="952" ind1=" " ind2=" ">
    <subfield code="0">0</subfield>
    <subfield code="1">0</subfield>
    <subfield code="2">ddc</subfield>
    <subfield code="4">0</subfield>
    <subfield code="7">0</subfield>
    <subfield code="8">KH</subfield>
    <subfield code="a">002</subfield>
    <subfield code="b">002</subfield>
    <subfield code="c">TTP Khmer</subfield>
    <subfield code="d">2026-01-08</subfield>
    <subfield code="l">0</subfield>
    <subfield code="o">PRO PZ7 398.2 </subfield>
    <subfield code="p">2026-0011</subfield>
    <subfield code="r">2026-01-08 08:59:28</subfield>
    <subfield code="w">2026-01-08</subfield>
    <subfield code="y">KHB</subfield>
  </datafield>
</record>
